000 01587cam a22002533a 4500
001 13739
003 PGUSA
005 20140828083308.0
008 041013s2004||||xxu|||||s|||||000 e eng d
040 _aPGUSA
_beng
042 _adc
050 4 _aPS
100 1 _aMorley, Christopher,
_d1890-1957
245 1 0 _aShandygaff :
_bA number of most agreeable Inquirendoes upon Life and Letters, interspersed with Short Stories and Skits, the whole most Diverting to the Reader
_h[electronic resource] /
_cChristopher Morley
260 _bProject Gutenberg,
_c2004
505 0 _aThe song of Shandygaff -- Titles and dedications -- A question of plumage -- Don Marquis -- The art of walking -- Rupert Brooke -- The man -- The head of the firm -- 17 Heriot Row -- Frank confessions of a publisher's reader -- William McFee -- Rhubarb -- The haunting beauty of strychnine -- Ingo -- Housebroken -- The hilarity of Hilaire -- A casual of the sea -- The last pipe -- Time to light the furnace -- My friend -- A poet of sad vigils -- Trivia -- Prefaces -- The skipper -- A friend of FitzGerald -- A venture into mysticism -- An Oxford landlady -- "Peacock pie" -- The literary pawnshop -- A morning in Marathon -- The American House of Lords -- Cotswold winds -- Clouds -- Unhealthy -- Confessions of a smoker -- Hay febrifuge -- Appendix: Suggestions for teachers.
506 _aPublic domain in the USA.
516 _aElectronic text
653 _aEssays
653 _aShort stories
830 0 _aProject Gutenberg
_v13739
856 4 0 _uhttp://www.gutenberg.org/ebooks/13739
942 _cEB
999 _c242994
_d242994